00620nam a2200181Ia 4500952010800000999001700108005001700125008004100142082002000183100003700203245003600240260004800276300001800324519004300342650002800385650001800413942000700431 00104070a01b01d2007-01-25l1o891.8652 K119mp01 002586r2014-05-26s2014-05-26t1w2012-06-24yLB c58350d5835020231102150627.0120622s19-- mx r 000 0 und d 4a891.8652bK119m1 aKafka, Franzd1883 - 1924eautor13aLa metamorfosisc / Franz Kafka3 aMéxicob : Ediciones Quinto Solc, [19--] a108 páginas aMaterial Complementario /d(01 002586)14aLITERATURA CHECOSLOVACA24aNOVELA CORTA  cLB